|
|
|
|
| LEADER |
00620cam a2200193ua 4500 |
| 008 |
100902t2009||||||||||| 00 ||||| c |
| 082 |
|
|
|a 004.16
|b CAL/E
|
| 100 |
|
|
|a Calcutt,, David
|
| 245 |
1 |
0 |
|a 8051 microcontrollers: an application based introduction /
|
| 260 |
|
|
|a New Delhi:
|b Elsevier,
|c 2009.
|
| 300 |
|
|
|a 408p..
|
| 362 |
1 |
|
|a 2009.
|
| 650 |
|
|
|a Microcontrollers
|
| 650 |
0 |
|
|a Computer science
|
| 700 |
|
|
|a Cowan,, Fred
|
| 700 |
0 |
2 |
|a Parchizadeh,, Hassan
|
| 942 |
|
|
|c BK
|
| 999 |
|
|
|c 23247
|d 23247
|
| 952 |
|
|
|0 0
|1 0
|4 0
|6 004_160000000000000_CAL
|7 0
|9 24685
|a KUCL
|b KUCL
|d 2014-05-23
|l 0
|o 004.16 CAL/
|p 23784
|r 2014-05-23
|w 2014-05-23
|y BK
|